000 00680nam a22002411 4500
001 sa 68003698
003 DLC
005 20260227112455.0
008 710903s1967 ii a b 00010 eng
010 _asa 68003698
025 _aPL480:I-E-9470
043 _aa-ii---
050 0 _aQL483.I4
_bK3
082 _a595.7/0954
100 1 0 _aKalyanam, N. P.,
_d1927-
245 1 0 _aCommon insects of India
_c[by] N. P. Kalyanam.
260 0 _aBombay,
_aNew York,
_bAsia Pub. House
_c[1967]
300 _ax, 136 p.
_billus.
_c22 cm.
350 _aRs12
504 _aBibliography: p. 126-129.
504 _a"Books suggested for general reading": p. 130.
650 0 _aInsects
_zIndia.
999 _c79676
_d79676